000 01240nam a22002657a 4500
005 20220912090726.0
008 170202b xxu ||||| |||| 00| 0 eng d
020 _a9786074485752 (El Manual Moderno)
020 _a9786070280634 (Universidad Nacional Autónoma de México)
050 0 4 _aHF5548.85
_aHD7261
_bU75 2016
100 _aUribe Prado, Jesús Felipe
_eautor
245 1 0 _aPsicología del trabajo
_b: un entorno de factores psicosociales saludables para la productividad
_c / Jesús Felipe Uribe Prado ; editor responsable Santiago Viveros Fuentes ; colaboradores Hugo Figueiredo-Ferraz ...[et, al.].
250 _a1a. ed.
260 _aMéxico :
_bEl Manual Moderno ;
_bUniversidad Nacional Autónoma de México, Ciudad Universitaria,
_c2016
300 _ali. ; 218 p.
_bil. ;
_c23 cm.
504 _aIncluye bibliografía (referencias), índice
650 7 _aAmbiente de trabajo
_2lemb
650 7 _aComportamiento organizacional
_2lemb
700 1 _aViveros Fuentes, Santiago
_eeditor
700 1 _aFigueiredo-Ferraz, Hugo
_ecolaborador
700 1 _aGaliana Llinares, Laura
_ecolaborador
700 1 _aGarcía Rivera, Blanca Rosa
_ecolaborador
700 1 _aGarcía Saisó, Alejandra
_ecolaborador
942 _2lcc
_cLIB
999 _c125433
_d125433